000 00514nam a22001817a 4500
003 OSt
005 20180110105619.0
008 171207b xxu||||| |||| 00| 0 eng d
020 _a968-7277-09-7
040 _aBMC
_cBMC
082 _a863.9921
100 1 _932536
_aSánchez, Carlos Cuauhtémoc
245 1 3 _aLa fuerza de Sheccid
_cCarlos Cuauhtémoc Sánchez
260 _aMéxico D.F.
_bEdiciones selectas diamante
_cCop. 1996
300 _a192 p.
_c22 cm
650 2 4 _912570
_aNovela Mexicana
942 _2ddc
_cBK
999 _c28738
_d28738